Aurora Borealis – riešenie meteorologických notifikácií pomocou IT technológií

Saved in:
Bibliographic Details
Main Author: Jurkovič, Miroslav (Author)
Other Authors: Bindas, Bystrík (Thesis advisor)
Format: Manuscript Book
Language:Slovak
Published: 2023
Subjects:
Online Access:http://is.stuba.sk/zp/portal_zp.pl?podrobnosti=154995
Tags: Add Tag
No Tags, Be the first to tag this record!

MARC

LEADER 00000ntm a22000003a 4500
001 stuzp92434
003 SK-STU
005 20230909213144.2
007 ta
008 150427s2015----xo-----f-mn---000-0-slo-d
040 |a STU  |b slo 
041 0 |a slo 
100 1 |a Jurkovič, Miroslav  |u 070400  |4 aut  |U FIIT Fakulta informatiky a informačných technológií  |T FIIT Ústav počítačového inžinierstva a aplikovanej informatiky  |X 102971  |U I400  |Y 672  |7 102971 
242 0 1 |a Aurora Borealis - IT technology based solution for Meteorological notifications  |y eng 
245 1 0 |a Aurora Borealis – riešenie meteorologických notifikácií pomocou IT technológií 
260 |c 2023 
650 4 |a meteorológia  |2 slo 
650 4 |a zahradkárstvo  |2 slo 
650 4 |a poľnohospodárstvo  |2 slo 
650 4 |a notifikácie zmien počasia  |2 slo 
650 4 |a agriculture  |2 eng 
650 4 |a meteorology  |2 eng 
650 4 |a weather change notifications  |2 eng 
650 4 |a gardening  |2 eng 
700 1 |a Bindas, Bystrík  |u 070400  |k Z2  |4 ths  |U FIIT Fakulta informatiky a informačných technológií  |T FIIT Ústav počítačového inžinierstva a aplikovanej informatiky  |X 99233  |U I400  |Y 672  |7 99233 
856 4 |u http://is.stuba.sk/zp/portal_zp.pl?podrobnosti=154995